| 000 | 01907nam a2200457 i 4500 | ||
|---|---|---|---|
| 003 | DO-SdBNP | ||
| 005 | 20250915131222.0 | ||
| 007 | ta | ||
| 008 | 250915e1995 sp abdogre||| 001 0 spa d | ||
| 020 | _a8434846209 | ||
| 040 |
_aDO-SdBNP _bspa _cBNPHU _erda |
||
| 041 | _hspa | ||
| 082 | 4 |
_a917.293 _bZ36a _222 |
|
| 100 | 1 |
_aZárate Martín, Antonio _eautor _4aut. _988626 |
|
| 245 | 1 | 0 |
_aAtlas geográfico / _cAntonio Zárate Martín, José Sánchez Sánchez ;cartografía, Esther Carrión Fernández |
| 246 | 1 |
_aAtlas geográfico : _bel mundo y la República Dominicana / |
|
| 264 | 1 |
_aMadrid, España : _bEdiciones SM, _c1995. |
|
| 300 |
_a113 páginas : _bilustraciones, gráficas, mapas, fotografías ; _c32 cm |
||
| 336 |
_atexto _btxt _2rdacontent |
||
| 337 |
_asin mediación _bn _2rda media |
||
| 338 |
_avolumen _bnc _2rdacarrier |
||
| 500 | _aIncluye índice alfabético de topónimos. | ||
| 504 | _aBibliografía p: 116. | ||
| 590 | _aInventariado 2025/ YL | ||
| 650 | 4 |
_942828 _aGografía _xAtlas _zRepública Dominicana |
|
| 651 |
_aRepública Dominicana _vAtlas _xGeografía _986095 |
||
| 700 | 1 |
_aSánchez Sánchez , José _eautor _4aut. _929221 |
|
| 700 | 1 |
_aCarrión Fernández, Esther _ecartografía _4ca. _988628 |
|
| 700 | 1 |
_aMorales Valdez, Marcos. _979244 |
|
| 700 | 1 |
_961881 _aAybar Acosta, Ignacio |
|
| 700 | 1 |
_aRamos, Henry, _923169 |
|
| 700 | 1 |
_923169 _aCastro Ricart, Eric, _ecartografía |
|
| 700 | 1 |
_931261 _aHöner, Dieter _aOttenwalder, José Alberto _4fotogr. |
|
| 700 | 1 |
_aRamírez, Sésar _aBrianes, Ricardo _4fotogr. _981346 |
|
| 700 | 1 |
_aCassá, Roberto, _d1948- _4fotogr. _910888 |
|
| 700 | 1 |
_aAbad, José Luis _aGávez, Héctor _4fotogr. _981347 |
|
| 700 | 1 |
_929250 _aCapellán, Fanny _4fotogr. |
|
| 710 | 1 |
_955321 _aRepública Dominicana. _bUniversidad Autónoma de Santo Domingo. _bInstituto Geográfico Universitario |
|
| 910 | _aYLockward | ||
| 942 |
_2ddc _cLBS1 |
||
| 999 |
_c59875 _d59875 |
||